| 000 | 01261nam a2200277Ia 4500 | ||
|---|---|---|---|
| 003 | OSt | ||
| 005 | 20210603104256.0 | ||
| 008 | 210310s2007 mx ad gr 000 0 spa d | ||
| 020 | _a9789682179304 | ||
| 040 |
_aCO-JMCR _cCO-JMCR |
||
| 041 | 0 | _aspa | |
| 082 | 0 | 4 |
_a331.1379 / _bC462e _223 |
| 100 | 1 |
_aChapa Cantú, Joana Cecilia, _eautora _926591 |
|
| 245 | 1 | 3 |
_aLa economía informal : _bestimaciones, comportamiento y potencial recaudatorio / _cJoana Cecilia Chapa Cantú, Daniel Flores Curiel, Jorge Noel Valero Gil |
| 250 | _aPrimera edición | ||
| 260 |
_aMéxico : _bTrillas, _c2007. |
||
| 300 |
_a148 páginas : _bilustraciones y gráficas a color ; _c23 cm. |
||
| 504 | _aBibliografía : páginas 135-137. | ||
| 505 | 0 | _aDefinición de la economía informal. -- Comparativa internacional de la economía subterránea. -- Definiciones de las metodologías. -- Estimación del sector informal y su potencial de recaudación. -- Características de operaciones del sector informal. | |
| 650 | 1 | 4 |
_aSector informal _xeconomía _938061 |
| 650 | 2 | 4 |
_aEconomía informal. _95835 |
| 650 | 2 | 4 |
_aAnálisis económico _938062 |
| 700 | 1 |
_aFlores Curiel, Daniel, _eautor _938063 |
|
| 700 | 1 |
_aValero Gil, Jorge Noel, _eautor _938064 |
|
| 942 |
_2ddc _cBK |
||
| 999 |
_c11843 _d11843 |
||